[Event "chess.com IoM Masters"]
[Site "Douglas ENG"]
[Date "2017.09.28"]
[Round "6.58"]
[White "Cornette, Deimante"]
[Black "Maroroa, Sue"]
[Result "1-0"]
[WhiteTitle "IM"]
[BlackTitle "WIM"]
[WhiteElo "2404"]
[BlackElo "2083"]
[WhiteFideId "12802859"]
[BlackFideId "4301498"]
[EventDate "2017.09.23"]

1. e4 e5 2. Nf3 Nc6 3. d4 exd4 4. Nxd4 Bc5 5. Nb3 Bb6 6. Nc3 Nf6 7. Bg5 h6 8.
Bh4 d6 9. f3 Be6 10. Bb5 a6 11. Bxc6+ bxc6 12. Qe2 g5 13. Bf2 Bxf2+ 14. Qxf2 Qb8
15. O-O-O Qa7 16. Nd4 Qb6 17. Qd2 c5 18. Nxe6 fxe6 19. e5 dxe5 20. h4 g4 21.
fxg4 Rb8 22. b3 Qb4 23. Rhf1 O-O 24. Qxh6 Qxc3 25. Qg6+ Kh8 26. Rxf6 Qa1+ 27.
Kd2 Rbd8+ 28. Ke3 1-0

[Event "chess.com IoM Masters"]
[Site "Douglas ENG"]
[Date "2017.09.28"]
[Round "6.59"]
[White "Heimisson, Hilmir Freyr"]
[Black "Kojima, Shinya"]
[Result "0-1"]
[BlackTitle "IM"]
[WhiteElo "2185"]
[BlackElo "2403"]
[WhiteFideId "2309998"]
[BlackFideId "7000812"]
[EventDate "2017.09.23"]

1. d4 d5 2. Bf4 c5 3. e3 Nc6 4. c3 Nf6 5. Nd2 Bf5 6. Qb3 Qd7 7. Ngf3 c4 8. Qd1
h6 9. h3 e6 10. Ne5 Nxe5 11. Bxe5 Be7 12. e4 Bh7 13. exd5 exd5 14. Be2 O-O 15.
O-O b5 16. Qc1 a5 17. Bd1 Qf5 18. Re1 Rfe8 19. Nf1 Ne4 20. f3 Bh4 21. Bc2 Rxe5
22. dxe5 Bf2+ 23. Kh2 Bxe1 24. Qxe1 Qf4+ 25. Kh1 Nc5 26. Qf2 Rc8 27. Re1 Bxc2
28. Qxc2 Nd3 29. Re3 Re8 30. g3 Qf5 31. f4 Qxh3+ 32. Kg1 Qd7 33. Rxd3 cxd3 34.
Qxd3 d4 35. cxd4 Rd8 36. Kf2 Qxd4+ 37. Qxd4 Rxd4 38. Ke3 Rd1 39. Nd2 Ra1 40. a3
Ra2 41. Nb3 a4 0-1

[Event "chess.com IoM Masters"]
[Site "Douglas ENG"]
[Date "2017.09.28"]
[Round "6.60"]
[White "Oyama, Akito"]
[Black "Loos, Roland"]
[Result "1/2-1/2"]
[WhiteElo "2198"]
[BlackElo "2393"]
[WhiteFideId "7001630"]
[BlackFideId "4643232"]
[EventDate "2017.09.23"]

1. e4 e6 2. d4 d5 3. Nc3 Bb4 4. Ne2 Nf6 5. e5 Nfd7 6. a3 Bf8 7. Be3 c5 8. f4 Nc6
9. dxc5 Bxc5 10. Qd2 Bxe3 11. Qxe3 Qb6 12. Qxb6 Nxb6 13. O-O-O Bd7 14. Nd4 Ke7
15. Be2 Rhc8 16. Rhe1 a6 17. g4 Na5 18. Rd3 Nac4 19. g5 Kf8 20. Rh3 Kg8 21. Bd3
g6 22. Nd1 Bb5 23. Nf2 Nd7 24. Ng4 Rc7 25. Rh6 Nxa3 26. Nxb5 Nxb5 27. Re3 Rac8
28. Nf6+ Kf8 29. Rxh7 Nc5 30. Bxg6 fxg6 31. Rh8+ Ke7 32. Rh7+ Kf8 33. Rh8+ Ke7
34. Rh7+ Kf8 1/2-1/2

[Event "chess.com IoM Masters"]
[Site "Douglas ENG"]
[Date "2017.09.28"]
[Round "6.61"]
[White "Wallace, John Paul"]
[Black "Maloberti, David"]
[Result "1-0"]
[WhiteTitle "IM"]
[WhiteElo "2413"]
[BlackElo "2132"]
[WhiteFideId "3200957"]
[BlackFideId "620149"]
[EventDate "2017.09.23"]

1. e4 e6 2. d4 d5 3. Nc3 Bb4 4. e5 c5 5. a3 Bxc3+ 6. bxc3 Ne7 7. h4 Qa5 8. Bd2
Qa4 9. h5 h6 10. Qg4 Kf8 11. Qd1 b6 12. Rh4 Ba6 13. Nf3 Qd7 14. Bxa6 Nxa6 15. a4
Nc6 16. g4 Ne7 17. a5 Qb5 18. axb6 axb6 19. Rb1 Qc6 20. Rh3 Kg8 21. g5 hxg5 22.
Bxg5 Nf5 23. Nh4 Nc7 24. Qd3 Nh6 25. Rg3 cxd4 26. cxd4 Ra2 27. c3 Nf5 28. Nxf5
exf5 29. Bf6 Ne6 30. Qxf5 Kf8 31. Bg5 g6 32. Qf3 Rxh5 33. Bd2 Rf5 34. Qd3 Nf4
35. Bxf4 Rxf4 36. Rf3 Rh4 37. Kf1 Qe6 38. Kg1 Qg4+ 39. Rg3 Qh5 40. Qf3 Qh6 41.
Rf1 Re4 42. Qf6 Qh4 43. Rxg6 Rg4+ 44. Rxg4 Qxg4+ 45. Kh2 Qh5+ 46. Kg3 Rc2 47.
Ra1 Rxc3+ 48. f3 Qg6+ 49. Qxg6 fxg6 50. Ra8+ Ke7 51. Ra7+ Kd8 52. Kf4 Rc6 53.
Kg5 Kc8 54. Rg7 b5 55. Rxg6 Rc4 56. e6 Rxd4 57. Rg8+ 1-0

[Event "chess.com IoM Masters"]
[Site "Douglas ENG"]
[Date "2017.09.28"]
[Round "6.62"]
[White "Fenil, Shah"]
[Black "Babar, Michael"]
[Result "1/2-1/2"]
[WhiteTitle "FM"]
[BlackTitle "FM"]
[WhiteElo "2362"]
[BlackElo "2130"]
[WhiteFideId "5019850"]
[BlackFideId "4615450"]
[EventDate "2017.09.23"]

1. d4 Nf6 2. Nf3 b6 3. Bf4 e6 4. e3 Bb7 5. Bd3 Be7 6. Nbd2 c5 7. c3 d5 8. Ne5
O-O 9. Qf3 Nfd7 10. Qh3 f5 11. g4 Nxe5 12. Bxe5 Ba6 13. Bc2 Nc6 14. gxf5 Nxe5
15. dxe5 exf5 16. Bxf5 g6 17. Rg1 Kg7 18. Qg4 Bc8 19. Bxc8 Rxc8 20. Rg2 d4 21.
Rd1 dxe3 22. fxe3 Qd3 23. Rg3 Rcd8 24. e4 Bh4 25. Qxh4 Rf1+ 26. Nxf1 Qxd1+ 27.
Kf2 Rf8+ 28. Qf6+ Rxf6+ 29. exf6+ Kxf6 30. Re3 Ke5 31. Re2 h5 32. Nd2 Qh1 33.
Ke3 Qg1+ 34. Rf2 Qe1+ 35. Re2 Qg1+ 36. Rf2 Ke6 37. Nf3 Qc1+ 38. Rd2 Qb1 1/2-1/2

[Event "chess.com IoM Masters"]
[Site "Douglas ENG"]
[Date "2017.09.28"]
[Round "6.65"]
[White "Birkisson, Bardur Orn"]
[Black "Rapport, Jovana"]
[Result "0-1"]
[BlackTitle "WGM"]
[WhiteElo "2164"]
[BlackElo "2327"]
[WhiteFideId "2310597"]
[BlackFideId "937266"]
[EventDate "2017.09.23"]

1. Nf3 d6 2. d4 Nf6 3. Nc3 Nbd7 4. e4 e5 5. Bc4 Be7 6. O-O c6 7. a4 Qc7 8. a5 h6
9. Re1 Nf8 10. Be3 Bg4 11. d5 a6 12. Na4 N8d7 13. b4 cxd5 14. Bxd5 Nxd5 15. Qxd5
O-O 16. Nb6 Nxb6 17. Bxb6 Qd7 18. Nd2 Be6 19. Qd3 f5 20. c4 Rac8 21. b5 Kh8 22.
Red1 fxe4 23. Qxe4 Rf4 24. Qd3 Bxc4 25. Nxc4 Rfxc4 26. bxa6 bxa6 27. Qd5 Qc6 28.
Qe6 Bf8 29. g3 Qf3 30. Qd5 Qxd5 31. Rxd5 Kg8 32. Kg2 Kf7 33. h4 Ke6 34. Rad1 Rc1
35. R1d2 R8c2 36. R2d3 Re1 37. Rd2 Rxd2 38. Rxd2 Rc1 39. Be3 d5 40. Rxd5 Kxd5
41. Bxc1 Bb4 42. h5 Bxa5 43. Bb2 Bb6 44. Bc3 Bd4 0-1

[Event "chess.com IoM Masters"]
[Site "Douglas ENG"]
[Date "2017.09.28"]
[Round "6.68"]
[White "Allen, Keith"]
[Black "Jonsson, Gauti Pall"]
[Result "1/2-1/2"]
[WhiteElo "2231"]
[BlackElo "2011"]
[WhiteFideId "2501147"]
[BlackFideId "2309092"]
[EventDate "2017.09.23"]

1. d4 e6 2. g3 f5 3. Bg2 Nf6 4. c4 Be7 5. Nf3 O-O 6. O-O d6 7. Nc3 a5 8. b3 Ne4
9. Bb2 Nxc3 10. Bxc3 Qe8 11. e3 Qh5 12. Nd2 Qxd1 13. Rfxd1 Nd7 14. f4 e5 15.
fxe5 dxe5 16. dxe5 Bc5 17. Bd4 Be7 18. Kf2 c6 19. Ke2 Nc5 20. Rf1 g6 21. Rac1
Re8 22. Nf3 Be6 23. Bxc5 Bxc5 24. a4 Re7 25. Ne1 Rae8 26. Nd3 Ba7 27. Kd2 Bf7
28. e4 fxe4 29. Bxe4 Bd4 30. Rce1 Bxe5 1/2-1/2

[Event "chess.com IoM Masters"]
[Site "Douglas ENG"]
[Date "2017.09.28"]
[Round "6.69"]
[White "Dahl, Baard"]
[Black "Mueller, Philipp2"]
[Result "0-1"]
[WhiteElo "1974"]
[BlackElo "2220"]
[WhiteFideId "444251"]
[BlackFideId "24683701"]
[EventDate "2017.09.23"]

1. e4 c5 2. Nf3 e6 3. d4 cxd4 4. Nxd4 Nc6 5. Nc3 Qc7 6. Qd3 Nxd4 7. Qxd4 Nf6 8.
Nb5 Qc6 9. Nxa7 Rxa7 10. Qxa7 Bc5 11. Qb8 Nxe4 12. Bd3 Nxf2 13. Rf1 Nxd3+ 14.
cxd3 d6 15. Qa8 O-O 16. Qa5 Qxg2 17. Qd2 Qg4 18. Qf4 Qh5 19. Bd2 e5 20. Qg3 Bh3
21. Rf3 Bg4 22. Rf1 f5 23. h3 Be2 24. Bh6 Rf7 25. Rh1 f4 26. Qh2 Bb4+ 0-1

[Event "chess.com IoM Masters"]
[Site "Douglas ENG"]
[Date "2017.09.28"]
[Round "6.73"]
[White "Coathup, Roger H"]
[Black "Birkisson, Bjorn Holm"]
[Result "1-0"]
[WhiteElo "2125"]
[BlackElo "2023"]
[WhiteFideId "407062"]
[BlackFideId "2310600"]
[EventDate "2017.09.23"]

1. c4 e6 2. g3 d5 3. Bg2 Nf6 4. Nf3 Be7 5. O-O O-O 6. b3 c5 7. d3 d4 8. Na3 Nc6
9. e3 e5 10. exd4 exd4 11. Nc2 Ne8 12. a3 a5 13. Rb1 Bf5 14. Re1 Qd7 15. Ne5
Nxe5 16. Rxe5 Bd6 17. Re1 Rb8 18. b4 axb4 19. axb4 b5 20. bxc5 Bxc5 21. Re5 Bd6
22. Rexb5 Rxb5 23. Rxb5 Nc7 24. Rb6 Ne6 25. Bb2 Re8 26. Rb7 Qa4 27. Bd5 Nd8 28.
Rb6 Bh3 29. f3 Bc5 30. Rb5 Ba7 31. Kf2 Bd7 32. Rb4 Qa6 33. Qd2 Qf6 34. h4 Qf5
35. g4 Qe5 36. f4 Qe3+ 37. Qxe3 dxe3+ 38. Kf3 e2 39. Bc3 Nc6 40. Rb7 Bd4 41.
Rxd7 Bxc3 42. Bxc6 e1=N+ 43. Nxe1 Bxe1 44. Bd5 Rf8 45. h5 1-0

[Event "chess.com IoM Masters"]
[Site "Douglas ENG"]
[Date "2017.09.29"]
[Round "7.3"]
[White "Lenderman, Aleksandr"]
[Black "Anand, Viswanathan"]
[Result "1/2-1/2"]
[WhiteTitle "GM"]
[BlackTitle "GM"]
[WhiteElo "2565"]
[BlackElo "2794"]
[WhiteFideId "2021285"]
[BlackFideId "5000017"]
[EventDate "2017.09.23"]

1. d4 Nf6 2. c4 e6 3. g3 d5 4. Bg2 Bb4+ 5. Nd2 O-O 6. Nf3 b6 7. O-O Bb7 8. Ne5
Nbd7 9. Qa4 Bd6 10. Nxd7 Qxd7 11. Qxd7 Nxd7 12. cxd5 Bxd5 13. e4 Bb7 14. Rd1 Be7
15. Nc4 Nf6 16. f3 c5 17. Be3 cxd4 18. Bxd4 Rfd8 19. Be3 Ne8 20. a4 Nd6 21. Bf1
Nxc4 22. Bxc4 Rxd1+ 23. Rxd1 Rd8 24. Rxd8+ Bxd8 25. b4 Bc7 26. b5 Kf8 27. Kf2
Ke7 28. Ke2 f6 29. Kd3 Bc8 30. f4 Bd7 31. h4 h6 32. g4 Bd6 33. Kc3 Bc8 34. Kd3
Bb7 35. h5 e5 36. f5 Kd7 37. Bd5 Bxd5 38. exd5 Kc7 39. Bd2 Kb7 40. a5 a6 41. Kc4
bxa5 42. Bxa5 axb5+ 43. Kxb5 Be7 44. Bb6 Bf8 45. Be3 Kc7 46. Kc4 1/2-1/2

[Event "chess.com IoM Masters"]
[Site "Douglas ENG"]
[Date "2017.09.29"]
[Round "7.6"]
[White "Batsiashvili, Nino"]
[Black "Eljanov, Pavel"]
[Result "0-1"]
[WhiteTitle "IM"]
[BlackTitle "GM"]
[WhiteElo "2472"]
[BlackElo "2734"]
[WhiteFideId "13602993"]
[BlackFideId "14102951"]
[EventDate "2017.09.23"]

1. d4 Nf6 2. c4 e6 3. Nc3 Bb4 4. Nf3 b6 5. e3 O-O 6. Bd3 d5 7. O-O Ba6 8. cxd5
exd5 9. Bxa6 Nxa6 10. Bd2 Qc8 11. Rc1 Qb7 12. Qa4 Rac8 13. Rfd1 c6 14. Ne2 Be7
15. Ng3 Rfe8 16. Bc3 Bf8 17. Ne5 g6 18. b4 h5 19. f3 Nb8 20. Re1 Bg7 21. Ba1 b5
22. Qb3 Nbd7 23. a4 Nb6 24. axb5 cxb5 25. Rxc8 Rxc8 26. Nd3 Re8 27. Nc5 Qa8 28.
Qd3 Nc4 29. e4 h4 30. Nf1 h3 31. e5 hxg2 32. Ng3 Qc6 33. Bc3 Nd7 34. f4 Nxc5 35.
dxc5 a5 36. Ne2 axb4 37. Bxb4 Bf8 38. Qd4 Rc8 39. Kxg2 Bxc5 40. Bxc5 Qxc5 41.
Qxc5 Rxc5 42. Nd4 Na3 43. e6 fxe6 44. Rxe6 Rc4 45. Rxg6+ Kf7 46. Ra6 Rxd4 47.
Rxa3 b4 48. Ra6 Rxf4 49. Rb6 Ke7 50. Kg3 Re4 51. h4 Kd7 52. h5 Kc7 53. Rf6 b3
54. Rf1 Kd6 55. Rc1 b2 56. Rb1 Rb4 57. h6 Rb7 58. h7 Rxh7 59. Rxb2 Rf7 60. Rb1
Kc5 61. Rc1+ Kb4 62. Rd1 Kc4 63. Rc1+ Kb3 64. Rd1 Rd7 65. Kf2 Kc2 66. Rd4 Kc3
67. Ra4 Re7 68. Ra3+ Kb4 0-1

[Event "chess.com IoM Masters"]
[Site "Douglas ENG"]
[Date "2017.09.29"]
[Round "7.8"]
[White "Kasimdzhanov, Rustam"]
[Black "Fressinet, Laurent"]
[Result "1/2-1/2"]
[WhiteTitle "GM"]
[BlackTitle "GM"]
[WhiteElo "2676"]
[BlackElo "2657"]
[WhiteFideId "14200244"]
[BlackFideId "608742"]
[EventDate "2017.09.23"]

1. e4 e5 2. Nf3 Nc6 3. Bb5 a6 4. Ba4 Nf6 5. d3 b5 6. Bb3 Bc5 7. Nc3 d6 8. Nd5 h6
9. c3 Be6 10. O-O Bxd5 11. exd5 Ne7 12. d4 exd4 13. Nxd4 Qd7 14. Ne2 O-O 15. a4
Rae8 16. axb5 axb5 17. Nf4 Ng6 18. Bc2 Nxf4 19. Bxf4 Re7 20. h3 Rfe8 21. Qf3 Ne4
22. b4 Bb6 23. c4 Bd4 24. Ra2 Nc3 25. Ra3 Ne2+ 26. Kh1 Nxf4 27. Qxf4 Be5 28. Qf3
g6 29. Ra5 Bd4 30. cxb5 Re1 31. Bd3 Qe7 32. Ra2 Rxf1+ 33. Bxf1 Qe1 34. Kg1 Kg7
35. Re2 Rxe2 36. Qxe2 Qxb4 37. Qf3 h5 38. h4 Qc3 1/2-1/2

[Event "chess.com IoM Masters"]
[Site "Douglas ENG"]
[Date "2017.09.29"]
[Round "7.10"]
[White "Movsesian, Sergei"]
[Black "Sokolov, Ivan"]
[Result "1/2-1/2"]
[WhiteTitle "GM"]
[BlackTitle "GM"]
[WhiteElo "2671"]
[BlackElo "2603"]
[WhiteFideId "310204"]
[BlackFideId "14400030"]
[EventDate "2017.09.23"]

1. e4 e5 2. Nf3 Nc6 3. Bb5 a6 4. Ba4 Nf6 5. O-O Be7 6. d3 d6 7. c3 O-O 8. Nbd2
Nb8 9. Re1 Nbd7 10. Bc2 Re8 11. a4 c5 12. Bb3 h6 13. Nc4 Nb6 14. Ne3 a5 15. h3
Bf8 16. Nh2 Be6 17. Bxe6 fxe6 18. Neg4 Nbd7 19. f4 Ra6 20. c4 Be7 21. Rf1 exf4
22. Bxf4 Nxg4 23. Nxg4 Bg5 24. Bg3 Rb6 25. Qe2 h5 26. Nh2 h4 27. Be1 Bf6 28. Rb1
Rb3 29. Ng4 Bd4+ 30. Bf2 Bxf2+ 31. Qxf2 Rf8 32. Qc2 Rb4 33. b3 Nf6 34. Nxf6+
Rxf6 35. Rxf6 Qxf6 36. Rf1 Qg5 37. Qd1 Rb6 38. Kh1 Rb4 39. Rf3 Qe5 40. Qc1 Kh7
41. Qe1 Kg8 42. Qxh4 Rxb3 43. Qd8+ Kh7 44. Qh4+ 1/2-1/2

[Event "chess.com IoM Masters"]
[Site "Douglas ENG"]
[Date "2017.09.29"]
[Round "7.11"]
[White "Sethuraman, S.P."]
[Black "Vallejo Pons, Francisco"]
[Result "1/2-1/2"]
[WhiteTitle "GM"]
[BlackTitle "GM"]
[WhiteElo "2617"]
[BlackElo "2716"]
[WhiteFideId "5021596"]
[BlackFideId "2205530"]
[EventDate "2017.09.23"]

1. Nf3 d5 2. g3 Bg4 3. Bg2 Nd7 4. O-O e6 5. h3 Bxf3 6. Bxf3 c6 7. d3 Bc5 8. d4
Bb6 9. c4 f5 10. Qb3 Bxd4 11. Qxb7 Ne7 12. cxd5 cxd5 13. Qa6 Qb6 14. Qxb6 Nxb6
15. Na3 Kf7 16. Nb5 Be5 17. Bf4 Bxb2 18. Rab1 Nc4 19. Nd6+ Nxd6 20. Bxd6 Bf6 21.
Rb7 Rhc8 22. g4 fxg4 23. hxg4 Rc6 24. Bxe7 Bxe7 25. e4 Rc3 26. exd5 Rxf3 27. d6
Re8 28. Rxa7 Kf6 29. dxe7 Rxe7 30. Ra4 Kg5 31. Kg2 Ref7 32. Re4 R3f4 33. Rxf4
Rxf4 34. f3 Ra4 1/2-1/2

[Event "chess.com IoM Masters"]
[Site "Douglas ENG"]
[Date "2017.09.29"]
[Round "7.12"]
[White "Almasi, Zoltan"]
[Black "Bindrich, Falko"]
[Result "0-1"]
[WhiteTitle "GM"]
[BlackTitle "GM"]
[WhiteElo "2707"]
[BlackElo "2598"]
[WhiteFideId "702293"]
[BlackFideId "4676670"]
[EventDate "2017.09.23"]

1. e4 c5 2. Nf3 d6 3. d4 cxd4 4. Nxd4 Nf6 5. Nc3 a6 6. Be2 e5 7. Nb3 Be7 8. Bg5
Nbd7 9. a4 h6 10. Bh4 b6 11. Bc4 Bb7 12. Qd3 O-O 13. O-O Qc7 14. Bxf6 Nxf6 15.
Nd2 Rfc8 16. Bb3 Qc5 17. Qc4 Qxc4 18. Nxc4 Rc6 19. f3 Rac8 20. Ne3 Rc5 21. Rfd1
Kf8 22. Rd3 g6 23. Rad1 h5 24. Kf2 Ke8 25. Na2 Kf8 26. Nc3 Ke8 27. h4 Kf8 28. g3
Ke8 29. R1d2 Kf8 30. Ncd5 Bxd5 31. Bxd5 Ra5 32. Bb3 Rac5 33. c3 Kg7 34. Nc2 Kf8
35. Rd1 Kg7 36. R3d2 Kf8 37. Ra1 Kg7 38. Ke2 Kf8 39. Rad1 Kg7 40. Rg1 Kf8 41.
Rf1 Kg7 42. Rd3 Kf8 43. Ne3 Kg7 44. Rd2 R5c6 45. Bd5 R6c7 46. Ra1 Rb8 47. Nc2
Rbc8 48. Rad1 Ra7 49. Nb4 Bf8 50. Bb3 Nd7 51. Bc2 Nc5 52. Nd5 Rb7 53. Ra1 Ra8
54. Ra3 Nd7 55. Ra1 Nf6 56. Bb3 Raa7 57. Ne3 Rb8 58. Nc2 Rc8 59. Ne3 Rac7 60.
Bc2 Rc5 61. Bd3 Ra8 62. Bc4 Ra7 63. Kf2 Ra8 64. Be2 Ra7 65. Rad1 Rc6 66. Nc2 Rc8
67. Nb4 Rca8 68. Ra1 Nd7 69. Nd5 Rb8 70. Ra3 Nc5 71. b4 Nd7 72. a5 b5 73. Rb3
Nf6 74. Nb6 Nd7 75. Nd5 Nf6 76. Ke3 Nxd5+ 77. Rxd5 Rc7 78. Kd2 Be7 79. Kc2 Rc6
80. Rb1 f5 81. exf5 gxf5 82. Kb3 Rbc8 83. Rc1 Kf6 84. c4 Ke6 85. Rdd1 Bf6 86.
Bd3 bxc4+ 87. Bxc4+ Ke7 88. Rc2 e4 89. Rd5 e3 90. Rd3 d5 91. Rxe3+ Kd6 92. Bxa6
Rxc2 93. Bxc8 Rxc8 94. b5 Bd4 95. Rd3 Bc5 96. Rc3 Ra8 97. a6 d4 98. Rc1 Kd5 99.
Kc2 Kc4 0-1

[Event "chess.com IoM Masters"]
[Site "Douglas ENG"]
[Date "2017.09.29"]
[Round "7.13"]
[White "Bogner, Sebastian"]
[Black "Naiditsch, Arkadij"]
[Result "1-0"]
[WhiteTitle "GM"]
[BlackTitle "GM"]
[WhiteElo "2599"]
[BlackElo "2702"]
[WhiteFideId "4692055"]
[BlackFideId "4650891"]
[EventDate "2017.09.23"]

1. e4 c5 2. Nf3 Nc6 3. d4 cxd4 4. Nxd4 Qb6 5. Nb3 Nf6 6. Nc3 e6 7. Be3 Qc7 8. a3
a6 9. f4 d6 10. g4 b5 11. g5 Nd7 12. h4 Bb7 13. h5 Nb6 14. Qf3 b4 15. Qf2 bxc3
16. Bxb6 Qc8 17. bxc3 Be7 18. O-O-O O-O 19. g6 fxg6 20. hxg6 h6 21. Bh3 Rb8 22.
a4 a5 23. Rhe1 Ba6 24. e5 Nxe5 25. Bxa5 Kh8 26. Qg3 Bc4 27. fxe5 Bg5+ 28. Kb2
Bf4 29. Qg1 Bxe5 30. Rxe5 dxe5 31. Bb4 Rf3 32. Bg2 Rg3 33. Qh2 Re3 34. Qg1 Rg3
35. Qf2 Rxg6 36. Be4 Rg4 37. Nc5 Qe8 38. Qe3 Rf4 39. Nd7 Qh5 40. Rh1 Rxb4+ 41.
cxb4 1-0

[Event "chess.com IoM Masters"]
[Site "Douglas ENG"]
[Date "2017.09.29"]
[Round "7.17"]
[White "Riazantsev, Alexander"]
[Black "Donchenko, Alexander"]
[Result "1/2-1/2"]
[WhiteTitle "GM"]
[BlackTitle "GM"]
[WhiteElo "2666"]
[BlackElo "2559"]
[WhiteFideId "4125029"]
[BlackFideId "24603295"]
[EventDate "2017.09.23"]

1. d4 Nf6 2. c4 c5 3. d5 e6 4. Nc3 exd5 5. cxd5 d6 6. Nf3 g6 7. Bf4 Bg7 8. Qa4+
Bd7 9. Qb3 Qc7 10. e4 O-O 11. Nd2 Nh5 12. Be3 f5 13. exf5 Bxf5 14. h3 Nf6 15. g4
Bd7 16. Bg2 Na6 17. O-O Rab8 18. Rfe1 b5 19. Nce4 Ne8 20. a3 c4 21. Qc2 Nf6 22.
Nxf6+ Bxf6 23. Ne4 Be5 24. b4 cxb3 25. Qxb3 Qc4 26. Qxc4 bxc4 27. Rac1 Bb5 28.
Bxa7 Ra8 29. Be3 Nc7 30. Bb6 Rfc8 31. Nc3 Rxa3 32. Rxe5 dxe5 33. d6 Rxc3 34.
Rxc3 Ne8 35. Bd5+ Kg7 36. Be6 Rb8 37. Bc7 Ra8 38. g5 h6 39. h4 hxg5 40. hxg5
Ra1+ 41. Kh2 Rd1 42. Re3 Nxd6 43. Rxe5 Bc6 44. Bxd6 Rxd6 45. Bxc4 Rd7 46. Kg3
Ba4 47. Rc5 Bb3 48. Bb5 Rd5 49. Rxd5 Bxd5 1/2-1/2

[Event "chess.com IoM Masters"]
[Site "Douglas ENG"]
[Date "2017.09.29"]
[Round "7.19"]
[White "Deac, Bogdan-Daniel"]
[Black "Grandelius, Nils"]
[Result "0-1"]
[WhiteTitle "GM"]
[BlackTitle "GM"]
[WhiteElo "2559"]
[BlackElo "2653"]
[WhiteFideId "1226380"]
[BlackFideId "1710400"]
[EventDate "2017.09.23"]

1. d4 Nf6 2. c4 e6 3. Nf3 d5 4. g3 Bb4+ 5. Bd2 Bd6 6. Bg2 c6 7. O-O Nbd7 8. b3
Ne4 9. Bc1 O-O 10. Ne1 Qe7 11. Qc2 e5 12. Bb2 Nef6 13. cxd5 Nxd5 14. a3 exd4 15.
Bxd4 Be5 16. Bxe5 Qxe5 17. Ra2 Re8 18. Nd3 Qh5 19. e4 N5f6 20. Nd2 Ne5 21. Nf4
Qh6 22. f3 Nh5 23. Nxh5 Qxh5 24. Qc3 Bh3 25. Nc4 Nxc4 26. bxc4 Qc5+ 27. Rff2 Be6
28. Bf1 a5 29. a4 Rad8 30. Qa3 Qxa3 31. Rxa3 Rd1 32. Kg2 Rb1 33. Rd2 Kf8 34. f4
g6 35. f5 gxf5 36. Bd3 Rd8 37. Rf2 Rxd3 38. Rxd3 fxe4 39. Rd8+ Ke7 40. Rd4 f5
41. c5 b6 42. Rc2 Bd5 43. Kf2 Ke6 44. cxb6 Rxb6 45. Rc5 Rb2+ 46. Kf1 Ke5 47.
Rdc4 Rxh2 48. Rxa5 f4 49. Rxc6 f3 50. Rcc5 Rd2 51. Rc8 Rd1+ 52. Kf2 Rd3 53. Ke1
e3 54. Rf8 e2 55. Kf2 Rd1 56. Re8+ Kd4 57. Rxe2 fxe2 58. Kxe2 Rh1 0-1

[Event "chess.com IoM Masters"]
[Site "Douglas ENG"]
[Date "2017.09.29"]
[Round "7.20"]
[White "Sargissian, Gabriel"]
[Black "Harsha, Bharathakoti"]
[Result "1/2-1/2"]
[WhiteTitle "GM"]
[BlackTitle "IM"]
[WhiteElo "2652"]
[BlackElo "2394"]
[WhiteFideId "13300881"]
[BlackFideId "5078776"]
[EventDate "2017.09.23"]

1. d4 d5 2. c4 e6 3. Nf3 Nf6 4. g3 Be7 5. Bg2 O-O 6. O-O dxc4 7. Qc2 a6 8. a4
Bd7 9. Rd1 Bc6 10. Bg5 a5 11. Ne5 Bxg2 12. Kxg2 Na6 13. Qxc4 Qd5+ 14. Qxd5 Nxd5
15. Bxe7 Nxe7 16. Nd2 Rfd8 17. Nb3 f6 18. Nd3 b6 19. Rdc1 Kf7 20. Rc4 Rd7 21.
Rac1 Rad8 22. g4 h5 23. h3 hxg4 24. hxg4 Rh8 25. Nd2 Nd5 26. Nf3 Ne7 27. Kg3 Rh7
28. b4 axb4 29. Nxb4 Nxb4 30. Rxb4 Nd5 31. Rb5 Rh8 32. a5 g5 33. e3 Ke7 34. axb6
cxb6 35. Nd2 Ra7 36. Rb3 Ra2 37. Ne4 Kd7 38. Nc3 Nxc3 39. Rbxc3 f5 40. Rc7+ Kd6
41. Kg2 Rf8 42. Kf3 Ra1 43. R1c3 e5 44. gxf5 exd4 45. R3c6+ Ke5 46. exd4+ Kxf5
47. Re7 Ra3+ 48. Re3 Rxe3+ 49. Kxe3 Rb8 50. f3 b5 51. Rc5+ Kf6 52. Rc6+ Kf5 53.
Rc5+ Kf6 1/2-1/2

[Event "chess.com IoM Masters"]
[Site "Douglas ENG"]
[Date "2017.09.29"]
[Round "7.22"]
[White "Perelshteyn, Eugene"]
[Black "Howell, David W L"]
[Result "0-1"]
[WhiteTitle "GM"]
[BlackTitle "GM"]
[WhiteElo "2524"]
[BlackElo "2701"]
[WhiteFideId "2012529"]
[BlackFideId "410608"]
[EventDate "2017.09.23"]

1. d4 Nf6 2. c4 e6 3. Nf3 b6 4. a3 Bb7 5. Nc3 g6 6. Qc2 Bg7 7. e4 d6 8. Be2 O-O
9. O-O Nbd7 10. Rd1 a6 11. h3 h6 12. Be3 Qe7 13. b4 Rfd8 14. Rab1 Rab8 15. d5
Re8 16. Nd4 exd5 17. exd5 Ne4 18. Nxe4 Qxe4 19. Qxe4 Rxe4 20. Rb3 Ra8 21. f3 Re7
22. Kf2 a5 23. Nb5 Nf6 24. g4 Ne8 25. Nd4 Nf6 26. Nb5 Ne8 27. h4 Bc8 28. Nd4 Bd7
29. Nc6 Bxc6 30. dxc6 axb4 31. axb4 Nf6 32. Rdd3 Ra4 33. g5 hxg5 34. hxg5 Nh7
35. f4 Nf8 36. Bf3 Ne6 37. Bd5 Re8 38. Kf3 Kf8 39. Kg4 Ke7 40. Bd2 Rea8 41. Re3
Ra1 42. Be1 Bd4 43. Re4 Rd1 44. Rh3 Raa1 45. Bg3 Ra3 46. Rh7 Rg1 47. Bxe6 Rgxg3+
48. Kh4 Kd8 49. f5 Rh3+ 50. Kg4 Rag3+ 51. Kf4 Rf3+ 52. Kg4 Rfg3+ 53. Kf4 Be5+ 0-1

[Event "chess.com IoM Masters"]
[Site "Douglas ENG"]
[Date "2017.09.29"]
[Round "7.23"]
[White "Lampert, Jonas"]
[Black "Rodshtein, Maxim"]
[Result "0-1"]
[WhiteTitle "IM"]
[BlackTitle "GM"]
[WhiteElo "2514"]
[BlackElo "2695"]
[WhiteFideId "1303759"]
[BlackFideId "2806851"]
[EventDate "2017.09.23"]

1. d4 Nf6 2. c4 e6 3. g3 Bb4+ 4. Bd2 a5 5. Bg2 O-O 6. Nf3 b6 7. O-O Bb7 8. Nc3
h6 9. b3 Re8 10. Qc2 d5 11. Rad1 Na6 12. Ne5 Qe7 13. Rfe1 c5 14. cxd5 exd5 15.
e3 Rac8 16. Qd3 Bxc3 17. Bxc3 Ne4 18. Bxe4 dxe4 19. Qb5 Nc7 20. Qd7 Qxd7 21.
Nxd7 Nd5 22. Rc1 Re7 23. Ne5 f6 24. Ng6 Rec7 25. Bb2 Nb4 26. Red1 Kf7 27. Nf4 g5
28. a3 gxf4 29. axb4 cxb4 30. Rxc7+ Rxc7 31. d5 f3 32. Bd4 Bxd5 33. Bxb6 Rc6 34.
Bxa5 Bxb3 35. Ra1 Rc4 36. Bb6 Ba2 37. Bd4 Rxd4 38. exd4 b3 0-1

[Event "chess.com IoM Masters"]
[Site "Douglas ENG"]
[Date "2017.09.29"]
[Round "7.24"]
[White "Olafsson, Helgi"]
[Black "Granda Zuniga, Julio E"]
[Result "1/2-1/2"]
[WhiteTitle "GM"]
[BlackTitle "GM"]
[WhiteElo "2512"]
[BlackElo "2653"]
[WhiteFideId "2300010"]
[BlackFideId "3800024"]
[EventDate "2017.09.23"]

1. Nf3 d5 2. g3 c6 3. Bg2 Bg4 4. d3 Nd7 5. O-O e6 6. c4 Ngf6 7. cxd5 Nxd5 8. Nc3
Be7 9. h3 Bh5 10. e4 Nc7 11. d4 O-O 12. Bf4 Bxf3 13. Qxf3 Bg5 14. Bd6 Be7 15.
Bf4 Bg5 16. Bd6 Be7 17. Bf4 Bg5 1/2-1/2